Представление документа в формате MARC21

ПолеНазваниеЗначение
  Тип записи a
  Библиографический уровень m
001 Контрольный номер RU\infra-m\znanium\bibl\2226406
005 Дата корректировки 20260429142111.3
008 Кодируемые данные 250917s2025 RU g rus u
020 Индекс ISBN __
a ISBN 978-5-9729-2449-3
040 Источник каталогиз. __
a Служба первич. каталог. Общество с ограниченной ответственностью «ЗНАНИУМ»
041 Код языка издания __
a Код языка текста rus
044 Код страны публикации __
a Код страны публикации RU
080 Индекс УДК __
a Индекс УДК 72
084 Индекс другой классификации/Индекс ББК __
2 Источник индекса rubbk
a Индекс другой классификации/Индекс ББК 8511
084 Индекс другой классификации/Индекс ББК __
2 Источник индекса okso
a Индекс другой классификации/Индекс ББК 07.03.01
084 Индекс другой классификации/Индекс ББК __
2 Источник индекса okso
a Индекс другой классификации/Индекс ББК 07.03.02
084 Индекс другой классификации/Индекс ББК __
2 Источник индекса okso
a Индекс другой классификации/Индекс ББК 07.03.03
084 Индекс другой классификации/Индекс ББК __
2 Источник индекса okso
a Индекс другой классификации/Индекс ББК 07.03.04
100 Автор __
a Автор Жердев В.И.
q Полное имя Жердев Василий Иванович
u Дополнение Уральский государственный архитектурно-художественный университет
245 Заглавие __
a Заглавие Аналитическая архитектура. Часть 2. Научно-практическая
b Продолж. заглавия Учебник
c Ответственность Уральский государственный архитектурно-художественный университет
250 Сведения об издании __
a Основные сведения об издании 1
260 Выходные данные __
a Место издания Вологда
b Издательство Инфра-Инженерия
c Дата издания 2025
300 Физическое описание __
a Объем 196 с.
520 Аннотация __
a Аннотация В научно-практической части учебника изложены часто встречающиеся в творчестве зодчего адекватные социальным потребностям людей десять наиболее массовых основных типов зданий и сооружений. Материал излагается в виде краткого задания на проектирование. Приводятся актуальные примеры из практики что усиливает значимость второй части учебника показывает возможное конкретное направление учебного творчества. Для обучающихся всех уровней образования по укрупненной группе направлений подготовки 07.00.00 «Архитектура».
521 Примеч. о цел. назн. __
a Примеч. о целев. назн. ВО - Бакалавриат
650 Тематические рубрики __
a Основная рубрика Архитектура. Искусство
x Основная подрубрика Архитектура
655 Указ. предметных рубрик (устаревшее) __
a Жанр/ форма (устаревшее) Учебник
856 Электронный адрес документа 4_
a Имя сервера/домена znanium.ru
m Помощь ebs_support@infra-m.ru
n Местонахождение сервера НИЦ ИНФРА-М
u URL https://znanium.ru/catalog/document?id=469902
856 Электронный адрес документа 48
a Имя сервера/домена znanium.ru
d Путь /cover/2226
f Электронное имя 2226406.jpg
u URL https://znanium.ru/cover/2226/2226406.jpg
911 __
u 0030=https://znanium.ru/catalog/document?id=469902